书目信息 |
| 题名: |
多瑙河传奇
|
|
| 作者: | 曹乃云 编译 | |
| 分册: | ||
| 出版信息: | 北京 人民文学出版社 2020 |
|
| 页数: | 16,330页 | |
| 开本: | 24cm | |
| 丛书名: | ||
| 单 册: | ||
| 中图分类: | I516.73 | |
| 科图分类: | ||
| 主题词: | 民间故事--作品集--德国 | |
| 电子资源: | ||
| ISBN: | 978-7-02-014899-8 | |
| 000 | 00764nam0 2200229 450 | |
| 001 | 2064191023 | |
| 005 | 20201106175010.46 | |
| 010 | @a978-7-02-014899-8@dCNY69.00 | |
| 100 | @a20200804d2020 em y0chiy50 ea | |
| 101 | 1 | @achi@cger |
| 102 | @aCN@b110000 | |
| 105 | @aa z 000fy | |
| 200 | 1 | @a多瑙河传奇@9duo nao he chuan qi@f曹乃云编译 |
| 210 | @a北京@c人民文学出版社@d2020 | |
| 215 | @a16,330页@c图@d24cm | |
| 300 | @a99读书人 | |
| 330 | @a本书是一部以多瑙河为中心的民间传说故事集。这些传说故事围绕着古老的城堡和修道院的废墟,围绕着河流两岸的城市和乡村,围绕着两岸人民的勤劳和智慧活动。 | |
| 606 | 0 | @a民间故事@x作品集@y德国 |
| 690 | @aI516.73@v5 | |
| 701 | 0 | @a曹乃云@9cao nai yun@4编译 |
| 801 | 0 | @aCN@bahlib@c20201005 |
| 905 | @aZUCC@dI516.73@eC138 | |
| 多瑙河传奇/曹乃云编译.-北京:人民文学出版社,2020 |
| 16,330页:图;24cm |
| 99读书人 |
| ISBN 978-7-02-014899-8:CNY69.00 |
| 本书是一部以多瑙河为中心的民间传说故事集。这些传说故事围绕着古老的城堡和修道院的废墟,围绕着河流两岸的城市和乡村,围绕着两岸人民的勤劳和智慧活动。 |
| ● |
| 相关链接 |
|
|
|
正题名:多瑙河传奇
索取号:I516.73/C138
 
预约/预借
| 序号 | 登录号 | 条形码 | 馆藏地/架位号 | 状态 | 备注 |
| 1 | 1483423 | 214834232 | 文学库116/116文学库 18排1列3层/ [索取号:I516.73/C138] | 在馆 | |
| 2 | 1483424 | 214834241 | 文学库116/116文学库 18排1列4层/ [索取号:I516.73/C138] | 在馆 |